000 00870cam a2200193 4500
001 X115105
008 011012n2001 000 0 eng u
035 _a(Sirsi) u115105
245 _aHanley Smith v Darlington and others
260 _c2001
490 _aEstates Gazette
_v[2001] 26 EG 160 (CS) (30/6/01)
520 _aT&CC 19 July 2001. Claimant purchaser instructing defendant firm of surveyors to inspect property - Property subsequently requiring substantial remedial work - Claimant issuing proceedings - Whether defendants negligent in failing to draw attention to lack of diagonal bracing to trussed rafter of roof space - Claim dismissed.
650 _aHANLEY SMITH V DARLINGTON AND OTHERS
650 _aSURVEYORS' NEGLIGENCE
650 _aLIABILITY
650 _aInspection
_96248
690 _aPROFESSIONAL PRACTICE-NEGLIGENCE-CASE LAW
942 _n0
999 _c68562
_d68562